Noms de pays sans la lettre I - Statistiques

Statistiques générales
  • Ce quiz a été pris 1 949 fois
  • Le résultat moyen est 53 sur 73
Statistiques - réponses
Pays % Correct
France
97%
Espagne
93%
Portugal
91%
Allemagne
90%
Maroc
89%
Suède
89%
Canada
88%
Japon
88%
Norvège
87%
Grèce
86%
Andorre
83%
Pologne
83%
Corée du Nord
82%
Corée du Sud
82%
Kosovo
82%
Monaco
80%
Paraguay
80%
Uruguay
80%
Luxembourg
79%
Pays-Bas
79%
Pérou
79%
Laos
78%
Cuba
77%
Nouvelle-Zélande
77%
Danemark
76%
Malte
76%
Togo
76%
Oman
74%
Soudan
74%
Angola
73%
Panama
73%
Qatar
73%
Yémen
73%
Égypte
72%
Ghana
72%
Honduras
72%
Monténégro
72%
Venezuela
72%
Madagascar
71%
Sénégal
71%
Bhoutan
70%
Soudan du Sud
70%
Cambodge
69%
Chypre
69%
Guyana
69%
Népal
69%
Vanuatu
69%
Équateur
68%
Guatemala
68%
Kenya
68%
Tonga
68%
Gabon
67%
Tchad
67%
Tuvalu
67%
Bahamas
66%
Cameroun
66%
Cap-Vert
66%
Kazakhstan
66%
Lesotho
66%
Rwanda
66%
Samoa
66%
Comores
64%
Nauru
64%
Botswana
62%
Ouganda
62%
Palaos
62%
Seychelles
62%
Barbade
61%
Erythrée
61%
Salvador
59%
Bangladesh
57%
Grenade
52%
Salomon
51%
Aucun quiz correspondant
Distribution des résultats
% des personnes avec chaque résultat
Percentile par nombre de réponses
Votre historique - résultats
Vous n’avez pas pris ce quiz